FC Barcelona Current Squad - Hard Version - Statistics

General Stats
  • This quiz has been taken 526 times
    35 since last reset
  • The average score is 28 of 44
Answer Stats
# Position Nation Player % Correct
7 FW Spain Ferran Torres
97%
6 MF Spain Gavi
97%
10 FW Spain Lamine Yamal
97%
8 MF Spain Pedri
97%
11 FW Brazil Raphinha
97%
9 FW Poland Robert Lewandowski
97%
4 DF Uruguay Ronald Araújo
97%
24 DF Spain Eric García
94%
21 MF Netherlands Frenkie de Jong
94%
13 GK Spain Joan García
94%
5 DF Spain Pau Cubarsí
94%
3 DF Spain Alejandro Balde
91%
15 DF Denmark Andreas Christensen
91%
18 DF Spain Gerard Martín
91%
2 DF Portugal João Cancelo
91%
23 DF France Jules Koundé
91%
17 MF Spain Marc Casadó
91%
14 FW England Marcus Rashford
91%
16 MF Spain Fermin López
88%
19 FW Sweden Roony Bardghji
88%
20 MF Spain Dani Olmo
84%
22 MF Spain Marc Bernal
84%
- Manager Germany Hansi Flick
78%
25 GK Poland Wojciech Szczęsny
75%
- GK Germany Marc-André ter Stegen
72%
- GK Spain Iñaki Peña
66%
31 GK United States Diego Kochen
56%
- DF Spain Héctor Fort
53%
- FW Spain Ansu Fati
44%
29 FW Spain Toni Fernández
44%
42 DF Spain Xavi Espart
44%
30 MF Spain Guille Fernández
41%
26 DF Spain Jofre Torrents
41%
43 DF Spain Tommy Marqués
41%
- GK Spain Ander Astralaga
34%
37 MF Spain Dani Rodríguez
22%
36 DF Spain Álvaro Cortés
19%
38 DF Spain Andrés Cuenca
19%
41 MF Spain Juan Hernández
19%
33 GK Spain Eder Aller
16%
32 DF Spain Alexis Olmedo
6%
34 DF Spain Landry Farré
3%
35 GK Spain Max Bonfill
3%
40 FW Spain Quim Junyent
3%
No matching quizzes found
Score Distribution
Percent of People with Each Score
Percentile by Number Answered
Your Score History
You have not taken this quiz since the last reset